[Event "C'Chartres Blitz op April"]
[Site "Europe Echecs INT"]
[Date "2021.04.10"]
[Round "6"]
[White "Dridi, Abdessalem"]
[Black "Faydi, Jonathan J"]
[Result "0-1"]
[WhiteElo "1771"]
[BlackElo "2087"]
[PlyCount "78"]
[EventDate "2021.04.10"]
[EventType "swiss (blitz)"]
[EventRounds "11"]
[EventCountry "FRA"]
[SourceTitle "CBM 201 Extra"]
[Source "ChessBase"]
[SourceDate "2021.05.31"]
[SourceVersion "1"]
[SourceVersionDate "2021.05.31"]
[SourceQuality "1"]

1. e4 c6 2. d4 d5 3. exd5 cxd5 4. Nf3 Nc6 5. Bb5 Nf6 6. 0-0 Bg4 7. Nc3 e6 8. h3 Bh5 9. Qd3 Bg6 10. Qe2 Bd6 11. Bg5 0-0 12. Bxc6 bxc6 13. Ne5 Qc7 14. Bxf6 gxf6 15. Ng4 Kg7 16. Qf3 Be7 17. Qe3 Kh8 18. Qh6 Rg8 19. Ne2 Bf8 20. Qh4 f5 21. Ne5 Be7 22. Qh6 Bf6 23. f4 Bg7 24. Qh4 Qd8 25. Qg3 Qc7 26. Qh4 Rab8 27. b3 c5 28. c3 Rbc8 29. Rf3 Qd8 30. Qg3 Bf6 31. Qf2 Bh5 32. g4 fxg4 33. hxg4 Bxe5 34. dxe5 Bxg4 35. Rg3 Bxe2 36. Rxg8+ Qxg8+ 37. Kh2 Qg4 38. Rg1 Qh5+ 39. Kg2 Rg8+ 0-1

[Event "C'Chartres Blitz op April"]
[Site "Europe Echecs INT"]
[Date "2021.04.10"]
[Round "2"]
[White "Dridi, Abdessalem"]
[Black "Lapperriere, Romuald"]
[Result "1-0"]
[WhiteElo "1771"]
[BlackElo "1275"]
[PlyCount "81"]
[EventDate "2021.04.10"]
[EventType "swiss (blitz)"]
[EventRounds "11"]
[EventCountry "FRA"]
[SourceTitle "CBM 201 Extra"]
[Source "ChessBase"]
[SourceDate "2021.05.31"]
[SourceVersion "1"]
[SourceVersionDate "2021.05.31"]
[SourceQuality "1"]

1. e4 c5 2. Nf3 d6 3. Nc3 Nc6 4. d3 g6 5. g3 Bg7 6. Bg2 Nf6 7. 0-0 0-0 8. Ng5 h6 9. Nh3 Nd4 10. Be3 e5 11. f4 a6 12. Kh1 Bd7 13. Qd2 Qc8 14. Nf2 Ng4 15. Nxg4 Bxg4 16. fxe5 dxe5 17. Bxh6 Bh3 18. Nd5 Bxg2+ 19. Kxg2 Qg4 20. Bxg7 Kxg7 21. h3 Qe2+ 22. Qxe2 Nxe2 23. c3 f5 24. Rae1 fxe4 25. Rxe2 Rxf1 26. Kxf1 Rd8 27. dxe4 Rf8+ 28. Rf2 Rd8 29. g4 Rh8 30. Kg2 Kh6 31. Kg3 Kg5 32. Nc7 a5 33. Ne6+ Kh6 34. Rf7 Rh7 35. Rf6 Rd7 36. h4 Rd3+ 37. Kg2 b5 38. Nf8 Kg7 39. g5 Rd2+ 40. Kf3 Rd8 41. Ne6+ 1-0

[Event "Ville d'Orsay online Blitz"]
[Site "Europe Echecs INT"]
[Date "2021.02.07"]
[Round "10"]
[White "Dridi, Abdessalem"]
[Black "Ozenir, Ekin Baris"]
[Result "0-1"]
[WhiteElo "1771"]
[BlackElo "2309"]
[PlyCount "104"]
[EventDate "2021.02.07"]
[EventType "swiss (blitz)"]
[EventRounds "11"]
[EventCountry "FRA"]
[SourceTitle "CBM 200 Extra"]
[Source "ChessBase"]
[SourceDate "2021.03.31"]
[SourceVersion "1"]
[SourceVersionDate "2021.03.31"]
[SourceQuality "1"]

1. e4 Nc6 2. Nf3 d6 3. Bc4 Nf6 4. Nc3 g6 5. 0-0 Bg7 6. d4 0-0 7. Bg5 Bg4 8. Be2 h6 9. Be3 e5 10. dxe5 dxe5 11. h3 Bxf3 12. Bxf3 Nd4 13. Nd5 Nxd5 14. exd5 Nxf3+ 15. Qxf3 f5 16. Bc5 Re8 17. Rad1 Kh7 18. c4 e4 19. Qe2 Qh4 20. Bd4 Rad8 21. Bxg7 Kxg7 22. b3 b6 23. Qb2+ Qf6 24. Qxf6+ Kxf6 25. Rfe1 Re7 26. Rd2 c6 27. Red1 cxd5 28. Rxd5 Rxd5 29. Rxd5 Ke6 30. Kf1 Rd7 31. Rxd7 Kxd7 32. Ke2 Kd6 33. Ke3 Ke5 34. f3 exf3 35. gxf3 f4+ 36. Kd3 g5 37. b4 h5 38. a4 Kf5 39. c5 bxc5 40. b5 Ke6 41. a5 Kd6 42. Ke4 Kc7 43. Kd3 Kd7 44. Ke4 Kd6 45. Kd3 Kd5 46. Ke2 c4 47. Kd2 Kc5 48. b6 axb6 49. a6 Kc6 50. Kc3 b5 51. Kd2 Kb6 52. Ke2 Kxa6 0-1

[Event "FRA-chT3 Gr12 0304"]
[Site "Loire"]
[Date "2004.04.04"]
[Round "7.6"]
[White "Dridi, Abdessalem"]
[Black "Royet, Damien"]
[Result "1-0"]
[WhiteElo "1680"]
[BlackElo "1499"]
[PlyCount "45"]
[EventDate "2003.10.12"]
[EventType "team"]
[EventRounds "9"]
[EventCountry "FRA"]
[SourceTitle "EXT 2008"]
[Source "ChessBase"]
[SourceDate "2007.11.25"]
[SourceVersion "1"]
[SourceVersionDate "2007.11.25"]
[SourceQuality "1"]

1. e4 e5 2. Nf3 d6 3. Bc4 Nf6 4. Nc3 Nc6 5. Ng5 d5 6. exd5 Nxd5 7. Nxf7 Kxf7 8. Bxd5+ Be6 9. Qf3+ Qf6 10. Bxc6 bxc6 11. Qxc6 Bd6 12. Ne4 Qg6 13. d3 Qxg2 14. Nxd6+ cxd6 15. Qxg2 Rhf8 16. h4 h5 17. Rg1 Bg4 18. f3 Bf5 19. Qxg7+ Ke6 20. Bg5 Rg8 21. Qe7+ Kd5 22. c4+ Kd4 23. Qxd6# 1-0

[Event "FRA-chT3 Gr12 0304"]
[Site "Loire"]
[Date "2004.02.01"]
[Round "5.6"]
[White "Dridi, Abdessalem"]
[Black "Picot, Brice"]
[Result "0-1"]
[WhiteElo "1680"]
[BlackElo "1860"]
[PlyCount "124"]
[EventDate "2003.10.12"]
[EventType "team"]
[EventRounds "9"]
[EventCountry "FRA"]
[SourceTitle "EXT 2008"]
[Source "ChessBase"]
[SourceDate "2007.11.25"]
[SourceVersion "1"]
[SourceVersionDate "2007.11.25"]
[SourceQuality "1"]

1. e4 c6 2. d4 d5 3. Nc3 dxe4 4. Nxe4 Bf5 5. Ng3 Bg6 6. Nf3 e6 7. Bd3 Nf6 8. 0-0 Bd6 9. Bg5 Nbd7 10. Ne4 Be7 11. Nxf6+ Bxf6 12. Bf4 0-0 13. Bxg6 hxg6 14. Ne5 Nxe5 15. dxe5 Be7 16. Qg4 Qc7 17. Rae1 Rfd8 18. Bg5 Bxg5 19. Qxg5 Rd4 20. c3 Rd3 21. Re3 Rad8 22. h3 R8d5 23. Rfe1 Qd8 24. Qxd8+ Rxd8 25. Rxd3 Rxd3 26. Re2 g5 27. f3 Kh7 28. Kf2 Kg6 29. a4 b5 30. Re3 Rd2+ 31. Re2 Rd5 32. Re4 a6 33. Ke2 a5 34. b3 Kh7 35. c4 Rc5 36. cxb5 cxb5 37. axb5 Rxb5 38. Re3 Kg8 39. Kd2 Kf8 40. Kc3 Ke7 41. Re4 Rd5 42. Kc2 Kd7 43. f4 gxf4 44. Rxf4 Ke7 45. Re4 g5 46. Re3 Rb5 47. Kc3 Rb4 48. Re1 Rf4 49. Re3 Kd7 50. Rd3+ Kc7 51. Kd2 Kc6 52. Ke3 Rb4 53. Kd2 Rf4 54. Ke3 Rb4 55. Kd2 Rb5 56. Rf3 Rb7 57. Rd3 Rd7 58. Rxd7 Kxd7 59. Kc3 Kc6 60. Kc4 Kb6 61. b4 a4 62. b5 Ka5 0-1